00000000nam 2200000zi 4500
0019.937010
003CaOODSP
00520240628142652
006m     o  d f      
007cr mn|||||||||
008240417t20242024onc     o    f000 0 eng d
020 |a9780660714448
040 |aCaOODSP|beng|erda|cCaOODSP
043 |an-cn---
0861 |aBT42-210/2026E-PDF
24500|aArchitecture, engineering and land survey (NR) : |bagreement between the Treasury Board and the Professional Institute of the Public Service of Canada : group, architecture, engineering and land survey (all employees) : expiry date, September 30, 2026.
24616|aArchitecture, engineering & land survey (NR) : |bagreement between the Treasury Board and Professional Institute of the Public Service of Canada : group, architecture, engineering & land survey (all employees) : codes, 203/210 : expiry date, September 30, 2026
264 1|aOttawa, Ontario : |bTreasury Board of Canada Secretariat = Secrétariat du Conseil du trésor du Canada, |c2024.
264 4|c©2024
300 |a1 online resource (194 pages)
336 |atext|btxt|2rdacontent
337 |acomputer|bc|2rdamedia
338 |aonline resource|bcr|2rdacarrier
500 |aIssued also in French under title: Architecture, génie et arpentage (NR) : convention entre le Conseil du trésor et l'Institut professionnel de la fonction publique du Canada : groupe, architecture, génie et arpentage (toutes les personnes salariées) : date d'expiration, 30 septembre 2026.
500 |aTitle from cover.
500 |a"Published: 2024-01-15."
500 |a"Date modified: 2018-04-30"--Page 194.
650 0|aCollective labor agreements|xGovernment employees|zCanada.
7101 |aCanada. |bTreasury Board, |eissuing body.
7102 |aProfessional Institute of the Public Service of Canada, |eissuing body.
77508|tArchitecture, génie et arpentage (NR) : |w(CaOODSP)9.937011
85640|qPDF|s956 KB|uhttps://publications.gc.ca/collections/collection_2024/sct-tbs/BT42-210-2026-eng.pdf
8564 |qHTML|sN/A|uhttps://www.tbs-sct.canada.ca/agreements-conventions/view-visualiser-eng.aspx?id=16